Derecho natural y dignidad humana

Spremljeno u:
Bibliografski detalji
Glavni autor: Bloch, Ernst (Autor)
Format: Knjiga
Jezik:španjolski
Izdano: Madrid Aguilar 1961
Teme:
Oznake: Dodaj oznaku
Bez oznaka, Budi prvi tko označuje ovaj zapis!

MARC

LEADER 00000nam a2200000 a 4500
001 UCS9448
003 CL-VaPUC
008 971113e19610000SP |||||||||||||||||spa|d
082 0 4 |a 340.112  |b BLO  |2 21 
100 |a Bloch, Ernst  |e author  |9 322880 
245 1 0 |a Derecho natural y dignidad humana 
300 |a 331 p 
942 |c BK 
945 |d 19971113 00:00:00  |a aolguin 
260 |a Madrid  |b Aguilar  |c 1961 
600 0 |a Thomasius, Christian   |9 394426 
600 0 |a Dios  |9 314467 
650 0 |a Derecho natural   |9 255041 
650 0 |a Dignidad humana   |9 394427 
650 7 |a NORMAS  |2 CL-VaPUC  |9 259606 
650 7 |a ESTOICISMO  |2 CL-VaPUC  |9 394428 
650 0 |a Derecho romano  |9 255930 
650 7 |a EPICUERISMO  |2 CL-VaPUC  |9 394429 
650 7 |a REFORMA  |2 CL-VaPUC  |9 319527 
650 0 |a Racionalismo  |9 259116 
650 0 |a Religión   |9 255164 
650 0 |a Positivismo  |9 269460 
650 0 |a Iusnaturalismo  |9 393557 
650 0 |a Filosofía del derecho   |9 255050 
650 7 |a DERECHO  |2 CL-VaPUC  |9 394430 
650 0 |a Estado de derecho  |9 257795 
650 7 |a MARXISMO  |2 CL-VaPUC  |9 394431 
650 7 |a INFLUENCIA FRANCESA  |2 CL-VaPUC  |9 394432 
650 0 |a Derecho subjetivo  |9 256705 
650 0 |a Moral  |9 265913 
650 7 |a DERECHO PENAL  |2 CL-VaPUC  |9 11 
650 0 |a Delito  |9 336975 
650 0 |a Estado  |9 255503 
650 0 |a Sociedad  |9 307903 
650 0 |a Derecho público   |9 255910 
583 |a last modification  |c 19971113 00:00:00  |k Rodrigo Vera 
999 |c 263249  |d 263247 
952 |0 0  |1 0  |4 0  |6 340_112000000000000_BLO_1961  |7 0  |8 DER_TF  |9 292436  |a BIBDER  |b BIBDER  |d 2019-11-19  |i 1898051  |l 2  |o 340.112 BLO 1961  |p 1898051  |r 2024-07-08  |s 2024-07-02  |w 2019-11-19  |x Ubicación 4to Piso  |y BK  |z Estos recursos deben solicitarse con anticipación  |k DER